| 000 | 01332nam0a22003491 4500 | ||
|---|---|---|---|
| 001 | v19\rc\1540278 | ||
| 005 | 20060620132446.7 | ||
| 035 | _a(NLR Aleph) 004658330 | ||
| 090 |
_a3515984 _c3515984 |
||
| 100 | _a20060620d1888 |||y0rusy50 ca | ||
| 101 | 1 |
_arus _cger |
|
| 102 | _aRU | ||
| 105 | _ay z ||||| | ||
| 200 | 1 |
_aОсновы бактериологии _f[Соч.] Д-ра Карла Френкеля, ассист. при Гигиен. ин-те Берлин. ун-та _gПер. со 2-го нем. изд. д-ра П.А. Вальтера |
|
| 210 |
_aСанкт-Петербург _cГлав. воен.-мед. упр. _d1888 |
||
| 215 |
_a[2], VI, 406 с. _d24 |
||
| 311 | _a4-е прил. к "Воен.-мед. журн." за 1888 г. | ||
| 316 |
_aЭкз. РНБ (132/4136): деф.: отсутствует обл. _5NLR: 132/4136 |
||
| 422 | 0 | _12001#$aВоенно-медицинский журнал$v1888 | |
| 700 | 1 |
_aФренкель _bК. _f1861-1901 _gКарл |
|
| 702 | 1 |
_aВальтер _bП. А. _4730 |
|
| 801 | 0 |
_aRU _bNLR _gpsbo |
|
| 801 | 0 |
_aRU _bRuMoRGB _2psbo |
|
| 801 | 1 |
_aRU _bProSoft-M _2rusmarc |
|
| 852 |
_aNLR _j18.286.4.8 |
||
| 852 |
_aNLR _j132/4136 |
||
| 899 |
_aRuMoRGB _jW 216/99 |
||
| 899 |
_aRuMoRGB _jO 9/200 |
||
| 899 | _aБАН | ||
| 899 | _aНБ МГУ | ||
| 942 | _cBOOK | ||
| 980 | _aNB | ||